00440nam a2200181Ia 4500003000400000005001700004008004100021040000700062041000800069082001600077100002900093245003500122250000600157260004700163300001300210365001300223650002200236OSt20230503143240.0210423s2004 xx 000 0 und d cAL aeng a574.88 WATJ aWATSON (James D);others. aMolecular biology of the gene. a5 aNew DelhibPearson Education Pvt Ltdc2004 axxix,732 b895cINR aMolecular Biology